| 000 | 01343cam a2200253 4500 | ||
|---|---|---|---|
| 001 | ##L135742 | ||
| 008 | 061205n2006 000 0 eng u | ||
| 035 | _a(Sirsi) u135742 | ||
| 041 | 0 | _aeng | |
| 050 | 0 | 4 | _a333.337 $2 18 |
| 110 | 2 |
_aRoyal Institution of Chartered Surveyors _94900 |
|
| 245 | 0 | 0 | _aValuation and sale price 2006 |
| 260 |
_a[S.l.] _bRICS _a[S.l.] _bIPD _c2006 |
||
| 520 | _aExamines the reasons for, and scale of, variations between sale prices and valuations in the four European markets of France, Germany, the Netherlands and the UK. Reveals that valuation accuracy in the UK has improved over the long term, but shown a slight downward trend since 2003, possibly due to the upswing in the market. In 2005, on average, sale prices were settled at above market adjusted valuations. Across the four European markets, in 2005 there was a common trend for larger properties to be valued more accurately than smaller assets. | ||
| 590 | _aKA | ||
| 651 | 4 |
_aUnited Kingdom _y |
|
| 651 | 4 | _aFRANCE | |
| 651 | 4 | _aGERMANY | |
| 651 | 4 | _aNETHERLANDS | |
| 690 | _aPROPERTY-PROPERTY VALUATION AND APPRAISAL-VALUATION ACCURACY | ||
| 710 | 2 |
_aInvestment Property Databank _92288 |
|
| 856 | 4 | 0 |
_uhttps://www.rics.org/RICSWEB/getpage.aspx?p=qwXGMqP0aEiQZf2aRk8Lhw _zView the report free of charge at www.rics.org... |
| 942 | _n0 | ||
| 999 |
_c106181 _d106181 |
||